What Are the Sovereign Countries That Govern These Territories? - Statistics

General Stats
  • This quiz has been taken 20 times
  • The average score is 35 of 40
Answer Stats
% Correct
Hong Kong China
94%
Macao China
94%
Greenland Denmark
94%
French Polynesia France
94%
Aruba Netherlands
94%
Bermuda United Kingdom
94%
Cayman Islands United Kingdom
94%
Falkland Islands United Kingdom
94%
Gibraltar United Kingdom
94%
Guernsey United Kingdom
94%
Isle of Man United Kingdom
94%
Jersey United Kingdom
94%
Christmas Island Australia
88%
Cocos (Keeling) Islands Australia
88%
Faroe Islands Denmark
88%
Curaçao Netherlands
88%
Cook Islands New Zealand
88%
Svalbard Norway
88%
Anguilla United Kingdom
88%
Montserrat United Kingdom
88%
Pitcairn Islands United Kingdom
88%
Turks and Caicos Islands United Kingdom
88%
Virgin Islands United Kingdom
88%
American Samoa United States
88%
Guam United States
88%
Åland Finland
82%
New Caledonia France
82%
Saint Barthélemy France
82%
Saint Martin France
82%
Saint Pierre and Miquelon France
82%
Wallis and Futuna France
82%
Sint Maarten Netherlands
82%
Saint Helena, Ascension and Tristan da Cunha United Kingdom
82%
Northern Mariana Islands United States
82%
Puerto Rico United States
82%
Virgin Islands United States
82%
Norfolk Island Australia
76%
Niue New Zealand
71%
Tokelau New Zealand
71%
Akrotiri and Dhekelia United Kingdom
71%
No matching quizzes found
Score Distribution
Percent of People with Each Score
Percentile by Number Answered
Your Score History
You have not taken this quiz